| 000 | 00401nam a2200145Ia 4500 | ||
|---|---|---|---|
| 005 | 20240823064006.0 | ||
| 008 | 240823s9999||||xx |||||||||||||| ||und|| | ||
| 082 | _A004.6 Q1 | ||
| 100 | _aAhmar Abbas | ||
| 245 | 0 | _aGRID COMPUTING A Practical Guide to Technology and Application | |
| 260 |
_c2011 _bFirewall _aNewDelhi |
||
| 500 | _aYES | ||
| 650 |
_aGird Computing _bComputer Science |
||
| 942 | _cNB | ||
| 999 |
_c239640 _d239640 |
||